| 000 | 02059cam a2200253 4500 | ||
|---|---|---|---|
| 001 | 2089 | ||
| 005 | 20181127164534.0 | ||
| 008 | 030819s2004 nyu b 001 0 eng | ||
| 010 | _a 2003018226 | ||
| 020 | _a0789023490 (hbk. : alk. paper) | ||
| 020 | _a0789023504 (pbk. : alk. paper) | ||
| 245 | 0 | 0 |
_aFrom menarche to menopause : _bthe female body in feminist therapy / _cJoan C. Chrisler, editor. |
| 260 |
_aBinghamton, NY : _bHaworth Press, _cc2004. |
||
| 300 |
_a218 p. ; _c23 cm. |
||
| 500 | _a""Co-published simultaneously as Women & Therapy, vol. 27, no. 3/4 2004."" | ||
| 504 | _aIncludes bibliographical references and index. | ||
| 505 | 0 | _aSelf-objectification and that ""not so fresh feeling"": feminist therapeutic interventions for healthy female embodiment / Tomi-Ann Roberts, Patricia L. Waters -- Making menarche positive and powerful for both mother and daughter / Jessica B. Gillooly -- Negative attitudes toward menstruation: implications for disconnections within girls and between women / Margaret L. Stubbs, Daryl Costos -- The debate about PMDD and sarafem: suggestions for therapists / Paula J. Caplan -- Abortion and mental health: what therapists need to know / Lisa Rubin, Nancy Felipe Russo -- Psychological issues and interventions with infertile patients / Ann Rosen Spector -- The aftermath of pregnancy loss: a feminist critique of the literature and implications for treatment / Lisa Cosgrove -- The use of rituals in grieving for a miscarriage or stillbirth / Deborah J. Brin -- Psychological issues in childbirth: potential roles for psychotherapists / Ingrid Johnston-Robledo, Jessica Barnack -- Myths and mates in childbearing depression / Valerie E. Whiffen -- Coping with distress during preimenopause / Paula S. Derry -- Facing the unknown: social support during the menopausal transition / Patricia Barthalow Koch, Phyllis Kernoff Mansfield. | |
| 650 | 0 | _aBody image. | |
| 650 | 0 | _aFeminist therapy. | |
| 650 | 0 | _aMenarche. | |
| 650 | 0 | _aMenopause. | |
| 700 | 1 | _aChrisler, Joan C. | |
| 730 | 0 | _aWomen & therapy. | |
| 999 |
_c1637 _d1637 |
||